Discurso del método Meditaciones metafísicas ;Reglas para la dirección del espíritu ;principios de la filosofía (Registro nro. 78619)
[ vista simple ]
| 000 -ENCABEZADO | |
|---|---|
| Número de control [NR] | 01162nam a2200289Ia 4500 |
| 008 - DE LONGITUD FIJA DE DATOS DE ELEMENTOS - INFORMACIÓN GENERAL | |
| Elementos de longitud fija [NR] | 130821s2010 mx a gr spa |
| 020 ## - NUMERO INTERNACIONAL NORMALIZADO PARA LIBROS [R] | |
| Número Internacional Normalizado del libro [NR] | 970 07 6520 2 |
| 040 ## - FUENTE DE CATALOGACION [NR] | |
| Agencia de catalogación original [NR] | Co-BoUCM |
| Idioma de catalogación [NR] | spa |
| 041 00 - CODIGO DE IDIOMA [R] | |
| Código de idioma para texto/pista de sonido o título separado [R] | Español |
| 100 1# - ASIENTO PRINCIPAL--NOMBRE PERSONAL [NR] | |
| Nombre personal [NR] | Descartes, René |
| Fechas asociadas con el nombre [NR] | 1596-1650 |
| ID Autoridad | 37050 |
| 245 10 - MENCION DE TITULO [NR] | |
| Título [NR] | Discurso del método Meditaciones metafísicas ;Reglas para la dirección del espíritu ;principios de la filosofía |
| Mención de responsabilidad, etc. [NR] | René Descartes ; estudio introductivo, análisis de las obras y notas al texto por Francisco Larroyo |
| 250 ## - MENCION DE EDICION [NR] | |
| Mención de edición [NR] | 23a. ed. |
| 260 ## - PUBLICACION, DISTRIBUCION, ETC. (PIE DE IMPRENTA) [R] | |
| Lugar de publicación, distribución, etc. [R] | México D.F. (México) |
| Nombre del editor, distribuidor, etc. [R] | Porrúa |
| Fecha de publicación, distribución, etc. [R] | 2010 |
| 300 ## - DESCRIPCION FISICA [R] | |
| Extensión [R] | xxiv, 196 páginas |
| Otros detalles físicos [NR] | ilustraciones |
| 490 ## - MENCION DE SERIE [R] | |
| Mención de serie [R] | Colección sepan cuantos... . |
| Designación numérica/secuencial del volumen [NR] | 177 |
| 600 ## - ASIENTO SECUNDARIO DE MATERIA - NOMBRE PERSONAL [R] | |
| Nombre personal [NR] | Descartes, René |
| Fechas asociadas con el nombre [NR] | 1596-1650 |
| Subdivisión general [R] | Pensamiento filosófico |
| 9 (RLIN) | 40541 |
| 650 ## - ASIENTO SECUNDARIO DE MATERIA - TERMINO TEMATICO [R] | |
| Término temático o nombre geográfico como elemento de entrada [NR] | Escepticismo |
| 9 (RLIN) | 14754 |
| 650 ## - ASIENTO SECUNDARIO DE MATERIA - TERMINO TEMATICO [R] | |
| Término temático o nombre geográfico como elemento de entrada [NR] | Filosofía francesa |
| 9 (RLIN) | 15814 |
| 650 ## - ASIENTO SECUNDARIO DE MATERIA - TERMINO TEMATICO [R] | |
| Término temático o nombre geográfico como elemento de entrada [NR] | Filosofía |
| 9 (RLIN) | 75 |
| 650 ## - ASIENTO SECUNDARIO DE MATERIA - TERMINO TEMATICO [R] | |
| Término temático o nombre geográfico como elemento de entrada [NR] | Racionalismo |
| 9 (RLIN) | 23022 |
| 650 ## - ASIENTO SECUNDARIO DE MATERIA - TERMINO TEMATICO [R] | |
| Término temático o nombre geográfico como elemento de entrada [NR] | Teoría del conocimiento |
| 9 (RLIN) | 403 |
| 740 02 - ASIENTO SECUNDARIO – TITULOS RELACIONADOS/ANALITICOS NO CONTROLADOS [R] | |
| Título relacionado o analítico no controlado [NR] | Meditaciones metafísicas. |
| 740 02 - ASIENTO SECUNDARIO – TITULOS RELACIONADOS/ANALITICOS NO CONTROLADOS [R] | |
| Título relacionado o analítico no controlado [NR] | Principios de la filosofía. |
| 740 02 - ASIENTO SECUNDARIO – TITULOS RELACIONADOS/ANALITICOS NO CONTROLADOS [R] | |
| Título relacionado o analítico no controlado [NR] | Reglas para la dirección de espiritu. |
| 942 ## - ELEMENTOS DE ENTRADA AGREGADOS (KOHA) | |
| Tipo de ítem principal el descrito en 300a | Libro |
| Tema principal | Filosofía |
| Edición | 23 |
| Parte restante de la signatura top. | D445des |
| Sistema de clasificación | DEWEY |
| Clasificación | 194 |
| Fecha de último préstamo | Total préstamos | Total Renewals | Signatura topográfica | Código de barras | Última vez visto | Ejemplar | Price effective from | Tipo de ítem | Perdido | Sistema de clasificación | Dañado | No prestable | Tipo de ítem específico | Suprimido | Ubicación habitual | Ubicación actual | Localización | Fecha de creación | Forma de adquisición | Costo |
|---|---|---|---|---|---|---|---|---|---|---|---|---|---|---|---|---|---|---|---|---|
| 05/02/2024 | 12 | 7 | 194 D445des | 100123023 | 05/12/2025 | Ej.1 | 03/02/2013 | Libro | DEWEY | Libro | Claustro | Claustro | 2do piso | 30/09/2012 | 26000.00 |